000 00698nam a2200289Ia 4500
001 Z_5066
003 CHAP
008 220113s1991 xx 000 0 und d
010 _a168123
040 _cCHAP
082 _a001.6424 C3y
100 _aCampbell, Mary
_917971
245 _aWord perfect 5.1 : guía de autoenseñanza /
_cpor Mary Campbell
260 _aMéxico, D. F. :
_bMc Graw-Hill,
_c1991
300 _a702 p.
440 _a
500 _a
503 _aC/E
650 _aLenguajes de programación
_965989
650 _aWord Perfect (Programación)
_9122605
901 _a001.6424 C3y
902 _aA
910 _a1991
942 _c1
942 _cc1
999 _c168123
_d168123